| 000 | 00457cam a22001217a 4500 | ||
|---|---|---|---|
| 008 | 180718b-- xxu||||| |||| 00| 0 eng d | ||
| 082 | _aA84x54332 | ||
| 245 |
_aStatistical abstract, Chandigarh _cby Directorate of Economics and Statistics, Chandigarh |
||
| 260 |
_aChandigarh _bDirectorate of Economics and Statistics _c-- |
||
| 500 | _aLibrary has 2005, 2010 | ||
| 650 | _aChandigarh - Statistics | ||
| 700 | _aChandigarh. Directorate of Economics and Statistics | ||
| 999 |
_c480682 _d480682 |
||